Más allá del siglo XX : (Record no. 40543)

MARC details
000 -LEADER
campo de control de longitud fija 01308cam a2200349Mi 4500
001 - NÚMERO DE CONTROL
campo de control 41484
005 - FECHA Y HORA DE LA ÚLTIMA TRANSACCIÓN
campo de control 20230410115415.0
008 - DATOS DE LONGITUD FIJA--INFORMACIÓN GENERAL
campo de control de longitud fija 030127s2002 sp 000 0 spa d
035 ## - NÚMERO DE CONTROL DEL SISTEMA
Número de control de sistema (OCoLC)ocm51559852
040 ## - FUENTE DE CATALOGACIÓN
Centro catalogador/agencia de origen PL#
Lengua de catalogación spa
Centro/agencia transcriptor PL#
020 ## - NÚMERO INTERNACIONAL ESTÁNDAR DEL LIBRO
Número Internacional Estándar del Libro 8495776421
020 ## - NÚMERO INTERNACIONAL ESTÁNDAR DEL LIBRO
Número Internacional Estándar del Libro 9788495776426
029 0# - OTRO NÚMERO DE CONTROL DE SISTEMA (OCLC)
Identificador de la biblioteca OCLC PL#
Número de control de sistema 8495776421
035 ## - NÚMERO DE CONTROL DEL SISTEMA
Número de control de sistema (OCoLC)51559852
050 14 - SIGNATURA TOPOGRÁFICA DE LA BIBLIOTECA DEL CONGRESO
Número de clasificación HD 4854
Número de ítem R451m 2002
100 1# - ENTRADA PRINCIPAL--NOMBRE DE PERSONA
Nombre de persona Revelli, Marco.
245 10 - MENCIÓN DEL TÍTULO
Título Más allá del siglo XX :
Resto del título la política, las ideologías y la asechanzas del trabajo /
Mención de responsabilidad, etc. Marco Revelli ; traducción de María del Mar Portillo y Marco Barberi.
260 ## - PUBLICACIÓN, DISTRIBUCIÓN, ETC.
Lugar de publicación, distribución, etc. Mataró, Barcelona :
Nombre del editor, distribuidor, etc. Ediciones de Intervención Cultural/ El Viejo Topo,
Fecha de publicación, distribución, etc. 2002.
300 ## - DESCRIPCIÓN FÍSICA
Extensión 323 p. ;
Dimensiones 22 cm.
500 ## - NOTA GENERAL
Nota general Título original: Oltre il Novecento.-- Traducido del italiano.
650 #0 - PUNTO DE ACCESO ADICIONAL DE MATERIA--TÉRMINO DE MATERIA
Término de materia o nombre geográfico como elemento de entrada Working class
Subdivisión general History
Subdivisión cronológica 20th century.
650 #0 - PUNTO DE ACCESO ADICIONAL DE MATERIA--TÉRMINO DE MATERIA
Término de materia o nombre geográfico como elemento de entrada World politics
Subdivisión cronológica 20th century.
650 #0 - PUNTO DE ACCESO ADICIONAL DE MATERIA--TÉRMINO DE MATERIA
Término de materia o nombre geográfico como elemento de entrada Politics and culture
Subdivisión general History
Subdivisión cronológica 20th century.
653 ## - TÉRMINO DE INDIZACIÓN--NO CONTROLADO
Término no controlado Trabajadores
-- Historia
-- Siglo XX.
653 ## - TÉRMINO DE INDIZACIÓN--NO CONTROLADO
Término no controlado Política internacional
-- Siglo XX.
653 ## - TÉRMINO DE INDIZACIÓN--NO CONTROLADO
Término no controlado Política y cultura
-- Historia
-- Siglo XX.
700 1# - ENTRADA AGREGADA--NOMBRE PERSONAL
Nombre de persona Portillo, María del Mar,
Término indicativo de función/relación trad.
700 1# - ENTRADA AGREGADA--NOMBRE PERSONAL
Nombre de persona Barberi, Marco,
Término indicativo de función/relación trad.
938 ## -
-- Puvill Libros
-- PUVL
-- 8495776421
-- $22.66
942 ## - ELEMENTOS DE ENTRADA SECUNDARIOS (KOHA)
Fuente del sistema de clasificación o colocación Clasificación de Library of Congress
Tipo de ítem Koha
994 ## -
-- C0
-- DRFGD
Holdings
Estatus retirado Estado de pérdida Fuente del sistema de clasificación o colocación Estado de daño No para préstamo Colección Biblioteca de origen Biblioteca actual Ubicación en estantería Fecha de adquisición Serial enumeration / chronology Signatura topográfica completa Código de barras Visto por última vez Copia número Tipo de ítem Koha
    Clasificación de Library of Congress     Ciencias Sociales Biblioteca Juan Bosch Biblioteca Juan Bosch Ciencias Sociales (3er. Piso) 10/04/2023 1 HD 4854 R451m 2002 00000038560 24/10/2018 1